Score 0/28 Timer 08:00
0 Plays Today
% Correct
Saving Private Ryan
91.2%
Schindler's List
81.2%
The Pianist
74.7%
Casablanca
71.9%
Patton
71.3%
Pearl Harbor
70.9%
Inglourious Basterds
68.1%
The Bridge on the River Kwai
67%
Valkyrie
66.9%
The Boy in the Striped Pajamas
63.3%
Fury
61%
The Great Escape
59.7%
Das Boot
55%
The Monuments Men
50.4%
% Correct
The Imitation Game
49.8%
Enemy at the Gates
42.8%
Life Is Beautiful
40.1%
The Dirty Dozen
37.9%
The Thin Red Line
37.6%
Atonement
36.7%
Letters from Iwo Jima
32.1%
The Longest Day
31.4%
Downfall
30.9%
The English Patient
28.3%
Defiance
27.8%
The Book Thief
25.9%
Where Eagles Dare
21.9%
Empire of the Sun
18%
Remove Ads.
Support Sporcle.
Get the best of Sporcle when you Go Orange. This ad-free experience offers more features, more stats, and more fun while also helping to support Sporcle. Thank you for becoming a member.

You're not logged in!

Compare scores with friends on all Sporcle quizzes.
OR
Log In

Sporcle TV

Today on Sporcle TV


Watch our educational content, quiz creation guides, and fun videos on Sporcle TV.

Show Comments

Extras

Top Quizzes Today


Score Distribution

Paid Content

Your Account Isn't Verified!

In order to create a playlist on Sporcle, you need to verify the email address you used during registration. Go to your Sporcle Settings to finish the process.

Report this User

Report this user for behavior that violates our Community Guidelines.

Details: